Effects of air pollutants on plants (Record no. 29845)

MARC details
000 -LEADER
fixed length control field 00401nam a2200133Ia 4500
082 ## - DEWEY DECIMAL CLASSIFICATION NUMBER
Classification number 581.5:614.71
Item number MAN;1
245 #0 - TITLE STATEMENT
Title Effects of air pollutants on plants
260 ## - PUBLICATION, DISTRIBUTION, ETC. (IMPRINT)
Place of publication London
Name of publisher Cambridge University
Year of publication 1976
490 ## - SERIES STATEMENT
Series statement Society for experimental biology seminar series 1
650 ## - SUBJECT ADDED ENTRY--TOPICAL TERM
Topical Term Plants air pollutants
700 ## - ADDED ENTRY--PERSONAL NAME
Personal name MANSFIELD, T A
942 ## - ADDED ENTRY ELEMENTS (KOHA)
Koha item type Books
Holdings
Withdrawn status Lost status Damaged status Not for loan Home library Current library Date acquired Full call number Accession Number Koha item type
        RRII Library RRII Library 16/12/2021 581.5:614.71 MAN;1 10425 Books